Teoría y práctica del derecho internacional público

Uloženo v:
Podrobná bibliografie
Hlavní autor: Llanos Mansilla, Hugo (autor)
Médium: Kniha
Jazyk:španělština
Vydáno: Santiago, Chile: Jurídica, 2005
Vydání:Tercera edición actualizada
Témata:
Tagy: Přidat tag
Žádné tagy, Buďte první, kdo vytvoří štítek k tomuto záznamu!

MARC

LEADER 00000nam a2200000 a 4500
001 UCJ9952
003 CL-VaPUC
005 20250327121144.0
008 070413e20050000CL |||||||||||||||||spa|d
999 |c 325295  |d 325293 
020 |a 9561017415v.2 p.1 
020 |a 9561017423v.2 p.2 
040 |c Pontificia Universidad Católica de Valparaíso 
082 0 4 |a 341.01 LLA 2005  |2 21 
100 1 |a Llanos Mansilla, Hugo  |e autor  |9 597896 
245 1 0 |a Teoría y práctica del derecho internacional público 
250 |a Tercera edición actualizada 
260 |a Santiago, Chile:  |b Jurídica,  |c 2005 
300 |a 2 tomos; 2 volúmenes. 
505 |a T.I: Introducción y fuentes. T.II; v.1-2: El estado como sujeto de derecho internacional 
583 |a last modification  |c 20070413 00:00:00  |k Rodrigo Vera 
650 7 |a Derecho internacional público  |9 897639 
650 0 |a Fuentes del derecho   |9 255162 
650 0 |a Tratados internacionales   |9 256056 
942 |c BK  |2 ddc 
945 |d 20070413 00:00:00  |a lvergara 
952 |0 0  |1 0  |4 0  |6 341_010000000000000_LLA_2005  |7 0  |8 A  |9 389507  |a BIBDER  |b BIBDER  |d 2019-11-22  |h t.I  |i 4196562  |o 341.01 LLA 2005  |p 4196562  |r 2023-01-25  |w 2019-11-22  |y BK  |k DER 
952 |0 0  |1 0  |4 0  |6 341_010000000000000_LLA_2005  |7 0  |8 A  |9 389508  |a BIBDER  |b BIBDER  |d 2019-11-22  |h t.I  |i 4196570  |o 341.01 LLA 2005  |p 4196570  |r 2023-01-25  |w 2019-11-22  |y BK  |k DER 
952 |0 0  |1 0  |4 0  |6 341_010000000000000_LLA_2005  |7 0  |8 A  |9 389509  |a BIBDER  |b BIBDER  |d 2019-11-22  |h t.I  |i 4220099  |o 341.01 LLA 2005  |p 4220099  |r 2023-01-25  |w 2019-11-22  |y BK  |k DER 
952 |0 0  |1 0  |4 0  |6 341_010000000000000_LLA_2005  |7 0  |8 A  |9 389510  |a BIBDER  |b BIBDER  |d 2019-11-22  |h t.I  |i 4330471  |l 2  |m 4  |o 341.01 LLA 2005  |p 4330471  |q 2025-12-31  |r 2020-03-20  |s 2020-03-20  |w 2019-11-22  |y BK  |k DER 
952 |0 0  |1 0  |4 0  |6 341_010000000000000_LLA_2005  |7 0  |8 A  |9 389511  |a BIBDER  |b BIBDER  |d 2019-11-22  |h t.I  |i 4373480  |l 4  |o 341.01 LLA 2005  |p 4373480  |r 2024-08-27  |s 2024-08-20  |w 2019-11-22  |y BK  |k DER 
952 |0 0  |1 0  |4 0  |6 341_010000000000000_LLA_2005  |7 0  |8 A  |9 389512  |a BIBDER  |b BIBDER  |d 2019-11-22  |h t.I  |i 4373499  |o 341.01 LLA 2005  |p 4373499  |r 2023-01-25  |w 2019-11-22  |y BK  |k DER 
952 |0 0  |1 0  |4 0  |6 341_010000000000000_LLA_2005  |7 0  |8 A  |9 405950  |a BIBDER  |b BIBDER  |d 2019-11-22  |h t.II, v.2  |i 433048K  |o 341.01 LLA 2005  |p 433048K  |r 2023-01-25  |w 2019-11-22  |y BK  |k DER 
952 |0 0  |1 0  |4 0  |6 341_010000000000000_LLA_2005  |7 0  |8 A  |9 405951  |a BIBDER  |b BIBDER  |d 2019-11-22  |h t.II, v.2  |i 4330498  |o 341.01 LLA 2005  |p 4330498  |r 2023-01-25  |w 2019-11-22  |y BK  |k DER 
952 |0 0  |1 0  |4 0  |6 341_010000000000000_LLA_2005  |7 0  |8 A  |9 405953  |a BIBDER  |b BIBDER  |d 2019-11-22  |h t.II, v.2  |i 4373472  |o 341.01 LLA 2005  |p 4373472  |r 2023-01-25  |w 2019-11-22  |y BK  |k DER 
952 |0 0  |1 0  |4 0  |6 341_010000000000000_LLA_2005  |7 0  |8 A  |9 405954  |a BIBDER  |b BIBDER  |d 2019-11-22  |h t.I  |i 4484703  |l 2  |o 341.01 LLA 2005  |p 4484703  |r 2024-12-11  |s 2024-12-09  |w 2019-11-22  |y BK  |k DER 
952 |0 0  |1 0  |4 0  |6 341_010000000000000_LLA_2005  |7 0  |8 A  |9 405955  |a BIBDER  |b BIBDER  |d 2019-11-22  |h t.II, v.1  |i 4484711  |o 341.01 LLA 2005  |p 4484711  |r 2023-01-25  |w 2019-11-22  |y BK  |k DER 
952 |0 0  |1 0  |4 0  |6 341_010000000000000_LLA_2005  |7 0  |8 A  |9 405956  |a BIBDER  |b BIBDER  |d 2019-11-22  |h t.II, v.2  |i 448472K  |o 341.01 LLA 2005  |p 448472K  |r 2023-01-25  |w 2019-11-22  |y BK  |k DER 
952 |0 0  |1 0  |4 0  |6 341_010000000000000_LLA_2005  |7 0  |8 A  |9 405957  |a BIBDER  |b BIBDER  |d 2019-11-22  |h t.I  |i 450920K  |l 1  |o 341.01 LLA 2005  |p 450920K  |r 2024-10-22  |s 2024-10-22  |w 2019-11-22  |y BK  |k DER 
952 |0 0  |1 0  |4 0  |6 341_010000000000000_LLA_2005  |7 0  |8 A  |9 405958  |a BIBDER  |b BIBDER  |d 2019-11-22  |h t.II, v.1  |i 4509218  |o 341.01 LLA 2005  |p 4509218  |r 2023-01-25  |w 2019-11-22  |y BK  |k DER 
952 |0 0  |1 0  |4 0  |6 341_010000000000000_LLA_2005  |7 0  |8 A  |9 405959  |a BIBDER  |b BIBDER  |d 2019-11-22  |h t.II, v.2  |i 4509226  |o 341.01 LLA 2005  |p 4509226  |r 2023-01-25  |w 2019-11-22  |y BK  |k DER 
952 |0 0  |1 0  |4 0  |6 341_010000000000000_LLA_2005  |7 0  |8 A  |9 405960  |a BIBDER  |b BIBDER  |d 2019-11-22  |h t.I  |i 4587707  |o 341.01 LLA 2005  |p 4587707  |r 2023-01-25  |w 2019-11-22  |y BK  |k DER 
952 |0 0  |1 0  |4 0  |6 341_010000000000000_LLA_2005  |7 0  |8 A  |9 405961  |a BIBDER  |b BIBDER  |d 2019-11-22  |h t.II, v.1  |i 4587715  |o 341.01 LLA 2005  |p 4587715  |r 2023-01-25  |w 2019-11-22  |y BK  |k DER 
952 |0 0  |1 0  |4 0  |6 341_010000000000000_LLA_2005  |7 0  |8 A  |9 405962  |a BIBDER  |b BIBDER  |d 2019-11-22  |h t.II, v.2  |i 4587723  |o 341.01 LLA 2005  |p 4587723  |r 2023-01-25  |w 2019-11-22  |y BK  |k DER 
952 |0 0  |1 0  |4 0  |6 341_010000000000000_LLA_2005  |7 0  |8 A  |9 419895  |a BIBDER  |b BIBDER  |d 2019-11-22  |h t.II, v.2  |i 4626796  |l 1  |o 341.01 LLA 2005  |p 4626796  |r 2024-10-22  |s 2024-10-22  |w 2019-11-22  |y BK  |k DER